000 00406 a2200169 4500
001 46364
020 _a9788506061053
040 _cAnchieta - Aquarius
100 _aStrufaldi, Silvia
240 1 0 _a=Os ziskisitos e o quadro roubado
_lpor
245 1 0 _a=Os ziskisitos e o quadro roubado
300 _a174
362 0 _a2010
440 1 _aMelhoramentos
650 4 _aLiteratura brasileira
942 _cBK
999 _c46364
_d46364